000 00670nam a2200193Ia 4500
003 GCL
008 140319s9999 xx 000 0 ara d
040 _aGCL /
_cGCL
082 0 4 _aق
_b962.065
_bل ح
100 1 _aلطفى الخولى
245 1 0 _aحرب يونيو 1967 :
_bبعد 30 سنة /
_cلطفى الخولى
260 _aالقاهرة :
_bمركز الاهرام للترجمة والنشر ،
_c1997
300 _a219 ص ؛
_c24 سم
650 0 4 _aمصر - تاريخ
650 0 4 _aحرب يونيو 1967 - مصر
650 0 4 _aحرب اكتوبر 1973
650 0 4 _aمصر - تاريخ - العصر الحديث (1805 - 1956 )
942 _2ddc
_cBK
999 _c51938
_d51938